000 01438namaa2200313 i 4500
003 EG-GICUC
005 20260630124702.0
008 260630m198u1986ua b|||jr|||| 001 0 ara d
017 _a86 / 3880
_bدار الكتب والوثائق القومية (مصر)
040 _aEG-GiCUC
_bara
_cEG-GiCUC
_dEG-GiCUC
_erda
082 0 4 _221
_a953.07393
_bA829 1986
092 0 4 _221
_a953.07393
_bA829 1986
099 _a953.07393 A829 1986
100 1 _aعاشور، سعيد عبد الفتاح
_eمؤلف.
245 1 2 _aالحركة الصليبية :
_bصفحة مشرفة فى تاريخ الجهاد العربى فى العصور الوسطى /
_c تأليف دكتور سعيد عبد الفتاح عاشور
250 _aالطبعة الرابعة
264 _aالقاهرة (مصر) :
_bمكتبة الانجلو المصرية،
_c1986.
300 _aمجلد :
_bخرائط ؛
_c24 سم
336 _2rdacontent
_atext
337 _2rdamedia
_aUnmediated
338 _2rdacarrier
_avolume
504 _aيشتمل على ارجاعات ببليوجرافية وكشافات
541 _aد. حسنين ربيع ؛
_bالقاهرة ؛
_cإهداء ؛
_d2024.
650 1 7 _aالحروب الصليبية
_2qrmak
650 1 7 _aالعالم الاسلامى
_xتاريخ
_yالعصور الوسطى
_2qrmak
651 1 _2qrmak
_aاوروبا
_xتاريخ
_yالعصور الوسطى
905 _aNermeen
942 _2ddc
_cBK
_e21
_n0
999 _c180659
_d180659